000 00837pam a2200241 a 4500
001 2049982
005 20180118045446.0
008 930430s1993 enk b 001 0 eng c
010 _a 93011249
020 _a0471939056 (cased) :
_c$43.00
040 _aDNLM/DLC
_cDLC
_dDLC
041 _aeng
060 0 0 _aWM 175 B989e 1993
080 _a616.85260651 BUT
082 0 0 _a616.85260651 BUT
_220
100 1 _a3
101 _aSHM
245 1 0 _aEating disorders :
_cEric Button.
504 _aIncludes bibliographical references (P. [229]-237) and indexes.
906 _a7
_bcbc
_corignew
_d1
_eocip
_f19
_gy-gencatlg
942 _2ddc
_cBK
999 _c40450
_d40450